Capitals of the States of Brazil on a Map - Statistics

General Stats
  • This quiz has been taken 1,074 times
  • The average score is 20 of 27
Answers on the Map
Answers color-coded by a green-red scale on the quiz's map according to % correct below.
 
Answer Stats
Capital % Correct
Rio de Janeiro
98%
São Paulo
97%
Brasília
94%
Manaus
91%
Belo Horizonte
90%
Salvador
87%
Porto Alegre
84%
Recife
84%
Belém
83%
Fortaleza
83%
Curitiba
79%
Goiânia
78%
Florianópolis
77%
Natal
77%
São Luís
72%
Vitória
70%
Rio Branco
65%
Campo Grande
64%
Macapá
63%
João Pessoa
62%
Cuiabá
60%
Porto Velho
60%
Teresina
59%
Maceió
58%
Palmas
58%
Boa Vista
57%
Aracaju
52%
No matching quizzes found
Score Distribution
Percent of People with Each Score
Percentile by Number Answered
Your Score History
You have not taken this quiz